|
|
|
|
| LEADER |
00841nab a2200205 i 4500 |
| 001 |
acta34771 |
| 005 |
20231109154023.0 |
| 008 |
161017s2014 hu o 0|| hun d |
| 022 |
|
|
|a 0324-6523
|
| 040 |
|
|
|a SZTE Egyetemi Kiadványok Repozitórium
|b hun
|
| 041 |
|
|
|a hun
|
| 100 |
1 |
|
|a Trócsányi László
|
| 245 |
1 |
0 |
|a Alkotmányos identitás és európai integráció
|h [elektronikus dokumentum] /
|c Trócsányi László
|
| 260 |
|
|
|a Szegedi Tudományegyetem Állam- és Jogtudományi Karának tudományos bizottsága
|b Szeged
|c 2014
|
| 300 |
|
|
|a 473-482
|
| 490 |
0 |
|
|a Acta Universitatis Szegediensis : acta juridica et politica
|v 76
|
| 650 |
|
4 |
|a Társadalomtudományok
|
| 650 |
|
4 |
|a Jogtudomány
|
| 695 |
|
|
|a Alkotmányjog - magyar, Integráció - Európa
|
| 856 |
4 |
0 |
|u http://acta.bibl.u-szeged.hu/34771/1/juridpol_076_473-482.pdf
|z Dokumentum-elérés
|